Partial differential equations of mathematical physics /
Guardado en:
| Autor Principal: | |
|---|---|
| Otros Autores: | |
| Formato: | Libro |
| Idioma: | English Russian |
| Publicado: |
San Francisco :
Holden-Day,
1964-1967.
|
| Series: | Holden-Day series in mathematical physics
|
| Materias: | |
| Etiquetas: |
Agregar Etiqueta
Sin Etiquetas, Sea el primero en etiquetar este registro!
|
| LEADER | 01136nam a22002895a 4500 | ||
|---|---|---|---|
| 001 | MAT.inmabb005124 | ||
| 008 | 840815m19641967caua#####b####001#0#eng## | ||
| 005 | 20180611162636.0 | ||
| 245 | 1 | 0 | |a Partial differential equations of mathematical physics / |c A. N. Tychonov and A. A. Samarski ; translated by S. Radding. |
| 260 | |a San Francisco : |b Holden-Day, |c 1964-1967. | ||
| 300 | |a 2 v. (621 p.) : |b il. ; |c 26 cm. | ||
| 440 | 0 | |a Holden-Day series in mathematical physics | |
| 500 | |a Traducción de: Uravneniia matematicheskoi fiziki. | ||
| 504 | |a Bibliografía: v. 1, p. [371]-376. | ||
| 500 | |a La biblioteca solo posee el vol. 1. |5 AR-BbIMB | ||
| 510 | 4 | |a MR, |c 31 #3687 |3 (v. 1) | |
| 510 | 4 | |a MR, |c 35 #6957 |3 (v. 2) | |
| 100 | 1 | |a Tikhonov, A. N. |q (Andrei Nikolaevich), |d 1906- | |
| 240 | 1 | 0 | |a Uravneniia matematicheskoi fiziki. |l Inglés |
| 700 | 1 | |a Samarskii, A. A. |q (Aleksandr Andreevich) | |
| 650 | 0 | |a Mathematical physics. | |
| 650 | 0 | |a Differential equations. | |
| 084 | |a 35-01 (00A69) |2 msc2000 | ||
| 010 | |a 64015462 | ||
| 040 | |a DLC/ICU |c ICU |d DLC | ||
| 041 | 1 | |a eng |h rus | |
| 859 | |h 35 |i T568 |p A-2430 |v 1 |3 Vol. I |b BIB. MATEMATICA | ||
